000 00663nam a22002417a 4500
001 84601
003 UA-OsUOA
005 20210509230218.0
007 ta
008 20120606b un ||||| |||| 00| 0 ukr d
040 _aUA-OsUOA
_bukr
_cUA-OsUOA
_dUA-OsUOA
041 _aukr
080 _a821.161.2
090 _a821.161.2
_bК55
100 _aКобилянська О.
245 _aЗемля
_bповість
260 _aВінніпег
_c1954
300 _a324 с.
650 7 _a82 Література. Літературознавство
_2UDC
942 _cBK
_2udc
955 _a3
999 _c370918
_d370918